Phương pháp giải toán đại số
Zapisane w:
| 1. autor: | |
|---|---|
| Format: | Książka |
| Język: | Undetermined |
| Wydane: |
Hà Nội
Đại học Sư phạm Hà Nội
2004
|
| Hasła przedmiotowe: | |
| Etykiety: |
Dodaj etykietę
Nie ma etykietki, Dołącz pierwszą etykiete!
|
| Thư viện lưu trữ: | Trung tâm Học liệu Trường Đại học Cần Thơ |
|---|
| LEADER | 00568nam a2200193Ia 4500 | ||
|---|---|---|---|
| 001 | CTU_104183 | ||
| 008 | 210402s9999 xx 000 0 und d | ||
| 082 | |a 512.0076 | ||
| 082 | |b Đ552/T.4 | ||
| 100 | |a Lê, Hồng Đức | ||
| 245 | 0 | |a Phương pháp giải toán đại số | |
| 245 | 0 | |c Lê Hồng Đức | |
| 260 | |a Hà Nội | ||
| 260 | |b Đại học Sư phạm Hà Nội | ||
| 260 | |c 2004 | ||
| 650 | |a Algebra | ||
| 650 | |x Problems, exercises, etc. | ||
| 904 | |i Minh | ||
| 980 | |a Trung tâm Học liệu Trường Đại học Cần Thơ | ||